| 000 | 00522nam a22001817a 4500 | ||
|---|---|---|---|
| 999 |
_c190233 _d190233 |
||
| 005 | 20220720171839.0 | ||
| 010 | _aENG-133750 | ||
| 020 |
_a9789383514229 _c1395.00 |
||
| 035 | _aEN-117282 | ||
| 037 | _bDBAD/PUB | ||
| 082 | _a324.254 | ||
| 100 | _aM.K. Singh | ||
| 245 |
_aHindu Nationalist and Sangh Parivar/ _cM.K.Singh |
||
| 260 |
_aNew Delhi _bLucky International _c2017 |
||
| 270 |
_aH-16/1922, Sangam Vihar _bNew Delhi _e110080 |
||
| 300 |
_a320p. _c22cm(hbk) |
||
| 942 |
_2ddc _cEN _h324.254 _mMKS |
||